Arsenal General Knowledge #2 - Statistics

General Stats
  • This quiz has been taken 57 times
    17 since last reset
  • The average score is 10 of 15
Answer Stats
Hint Answer % Correct
How many times has Arsenal been relegated in their history? 1
100%
Who is the current Arsenal Manager? Mikel Arteta
100%
How many draws did Arsenal have during their "Invincibles" Season? 12
88%
Who is Arsenal's highest rated base gold player in EAFC 24? Martin Odegaard
81%
Who was the last Arsenal Player to wear the Number 10 before Eze? Emile Smith Rowe
75%
Which 15 year old broke the record for youngest player to play in the Premier League? Ethan Nwaneri
63%
Which Arsenal Player scored after carrying the ball the full length of the pitch against Chelsea in 2020? Gabriel Martinelli
63%
Which Arsenal Player won the 2017 FIFA Puskas Award? Olivier Giroud
63%
Which Arsenal Player did Neal Maupay injure in 2020? Bernd Leno
56%
Who lifted the Premier League that season? Patrick Vieira
56%
Which Club did Arsenal beat 7 - 5 in extra time after being 4 goals down in the first 45 minutes? Reading
56%
Which Arsenal Player scored a Hat-trick in said game? Theo Walcott
56%
Who came on for him? Emiliano Martinez
50%
Where was it won? White Hart lane
44%
Who is Arsenal's youngest ever captain? Terry Neill
0%
No matching quizzes found
Score Distribution
Percent of People with Each Score
Percentile by Number Answered
Your Score History
You have not taken this quiz since the last reset